Focus Birmingham (Record no. 81688)
[ view plain ]
| 000 -LEADER | |
|---|---|
| fixed length control field | 00972cab a22002295a 4500 |
| 001 - CONTROL NUMBER | |
| control field | L147971 |
| 008 - FIXED-LENGTH DATA ELEMENTS--GENERAL INFORMATION | |
| fixed length control field | 090707e20090627xxk g 000 0 eng d |
| 035 ## - SYSTEM CONTROL NUMBER | |
| System control number | (Sirsi) u147971 |
| 100 1# - MAIN ENTRY--PERSONAL NAME | |
| Personal name | Pilkington, Lisa |
| 245 00 - TITLE STATEMENT | |
| Title | Focus Birmingham |
| 260 ## - PUBLICATION, DISTRIBUTION, ETC. | |
| Date of publication, distribution, etc. | 2009 |
| 490 ## - SERIES STATEMENT | |
| Series statement | Estates Gazette |
| Volume/sequential designation | (0925) 27 June 2009, 111-127(15) |
| 520 ## - SUMMARY, ETC. | |
| Summary, etc. | Topics covered include plans to improve public transport in the city centre, lists infrastructure projects currently underway and an overview of the retail, leisure, office and industrial market in Birmingham. Discusses Birmingham City Council's plans to rationalise its property portfolio. Concludes with a case study on the regeneration of the Jewellery Quarter. |
| 590 ## - LOCAL NOTE (RLIN) | |
| Local note | KA |
| 651 #4 - SUBJECT ADDED ENTRY--GEOGRAPHIC NAME | |
| Geographic name | England and Wales |
| Chronological subdivision | 1543- |
| 690 ## - LOCAL SUBJECT ADDED ENTRY--TOPICAL TERM (OCLC, RLIN) | |
| Topical term or geographic name as entry element | PROPERTY-COMMERCIAL PROPERTY-COMMERCIAL PROPERTY MARKET |
| 700 1# - ADDED ENTRY--PERSONAL NAME | |
| Personal name | Clarkson, Melanie |
| 700 1# - ADDED ENTRY--PERSONAL NAME | |
| Personal name | Elghamry, Nadia |
| 700 1# - ADDED ENTRY--PERSONAL NAME | |
| Personal name | Smith, Melanie |
| 700 1# - ADDED ENTRY--PERSONAL NAME | |
| Personal name | Clift, Patrick |
| 942 ## - ADDED ENTRY ELEMENTS (KOHA) | |
| Suppress in OPAC | 0 |
| Withdrawn status | Lost status | Source of classification or shelving scheme | Damaged status | Not for loan | Home library | Current library | Shelving location | Date acquired | Total Checkouts | Full call number | Barcode | Date last seen | Copy number | Price effective from | Koha item type |
|---|---|---|---|---|---|---|---|---|---|---|---|---|---|---|---|
| Dewey Decimal Classification | London | London | Journal article | 07/07/2009 | L147971 | 147971-1001 | 06/08/2019 | 1 | 06/08/2019 | Journal article |